| 000 | 00510nam a2200181Ia 4500 | ||
|---|---|---|---|
| 003 | OSt | ||
| 005 | 20200820133035.0 | ||
| 008 | 190216s9999||||xx |||||||||||||| ||und|| | ||
| 040 | _coclc | ||
| 082 |
_a541.39 _bLAI/C |
||
| 100 |
_aLaidler, Keith J _94239 |
||
| 245 | 0 |
_aChemical Kinetics / _cKeith J Laidler |
|
| 250 | _a2nd Ed. | ||
| 260 |
_bTata McGraw Hill Publishing, _c1980. _aNew Delhi: |
||
| 300 | _a566p | ||
| 650 | _aChemistry | ||
| 942 |
_cBK _2ddc _h541.39 _iLAI/C _k541.39 _mLAI/C |
||
| 999 |
_c2228 _d2228 |
||